| LEADER | 02797nam a2200337 i 4500 | ||
|---|---|---|---|
| 003 | GR-PaULI | ||
| 005 | 20231228113414.0 | ||
| 008 | 021001s2018 gr fd g 000 gre d | ||
| 020 | |a 9789683591485 | ||
| 040 | |a GR-PaULI |b gre |c GR-PaULI |d GR-AiPI |e AACR2 | ||
| 082 | 0 | 4 | |a 657 |2 23 |
| 100 | 1 | |a Αγγελόπουλος, Ελευθέριος |9 101317 |e συγγραφέας. | |
| 245 | 1 | 0 | |a Προχωρημένη λογιστική : |b μια προσέγγιση βασισμένη στα ελληνικά και διεθνή λογιστικά πρότυπα / |c Ελευθέριος Φ. Αγγελόπουλος, Αντώνιος Ν. Γεωργόπουλος, Ιωάννης Γ. Ντόκας. |
| 260 | |a Αθήνα : |b Μπένου, |c 2018. | ||
| 300 | |a 909 σ. : |b εικ. ; |c 25 εκ. | ||
| 504 | |a Περιλαμβάνει βιβλιογραφία. | ||
| 650 | 4 | |a Λογιστική |9 20684 |x Πρότυπα. | |
| 700 | 1 | |a Γεωργόπουλος, Αντώνιος Ν., |d 1958- |e συγγραφέας. |9 86911 | |
| 700 | 1 | |9 166828 |a Ντόκας, Ιωάννης Γ. |e συγγραφέας. | |
| 942 | |2 ddc |c BK | ||
| 952 | |0 0 |1 0 |2 ddc |4 0 |6 657_000000000000000_ΑΓΓ |7 0 |9 233322 |a LISA |b LISA |c BSC |d 2019-06-26 |i 15223 |l 1 |o 657 ΑΓΓ |p 025000263242 |r 2020-06-29 00:00:00 |s 2020-02-19 |t 1 |w 2019-06-26 |y BK15 | ||
| 952 | |0 0 |1 0 |2 ddc |4 0 |6 657_000000000000000_ΑΓΓ |7 0 |9 237423 |a LISP |b LISP |c BSC |d 2019-11-26 |i 139262 |l 0 |o 657 ΑΓΓ |p 025000260877 |r 2019-11-26 00:00:00 |t 2 |w 2019-11-26 |y BK15 | ||
| 952 | |0 0 |1 0 |2 ddc |4 0 |6 657_000000000000000_ΑΓΓ |7 0 |9 237424 |a LISP |b LISP |c BSC |d 2019-11-26 |i 139261 |l 1 |m 1 |o 657 ΑΓΓ |p 025000260876 |r 2021-12-13 00:00:00 |s 2021-11-18 |t 3 |w 2019-11-26 |y BK15 | ||
| 952 | |0 0 |1 0 |2 ddc |4 0 |6 657_000000000000000_ΑΓΓ |7 0 |9 237425 |a LISP |b LISP |c BSC |d 2019-11-26 |i 139260 |l 2 |o 657 ΑΓΓ |p 025000260875 |r 2022-09-12 00:00:00 |s 2022-08-02 |t 4 |w 2019-11-26 |y BK15 | ||
| 952 | |0 0 |1 0 |2 ddc |4 0 |6 657_000000000000000_ΑΓΓ |7 0 |9 322912 |a LISA |b LISA |c BSC |d 2021-01-29 |i 16092 |l 0 |o 657 ΑΓΓ |p 025000268119 |r 2021-01-29 00:00:00 |t 5 |w 2021-01-29 |y BK15 | ||
| 952 | |0 0 |1 0 |2 ddc |4 0 |6 657_000000000000000_ΑΓΓ |7 0 |9 322913 |a LISA |b LISA |c BSC |d 2021-01-29 |i 16093 |l 2 |o 657 ΑΓΓ |p 025000268120 |r 2023-06-16 00:00:00 |s 2023-06-08 |t 6 |w 2021-01-29 |y BK15 | ||
| 952 | |0 0 |1 0 |2 ddc |4 0 |6 657_000000000000000_ΑΓΓ |7 0 |9 360200 |a LISP |b LISP |c BSC |d 2022-05-23 |i 256650 |l 0 |o 657 ΑΓΓ |p 025000292235 |r 2022-05-23 00:00:00 |t 7 |w 2022-05-23 |y BK15 | ||
| 952 | |0 0 |1 0 |2 ddc |4 0 |6 657_000000000000000_ΑΓΓ |7 0 |9 374942 |a LISP |b LISP |c BSC |d 2023-10-25 |i 261956 |l 0 |o 657 ΑΓΓ |p 025000303715 |r 2023-10-25 00:00:00 |t 8 |w 2023-10-25 |y BK15 | ||
| 952 | |0 0 |1 0 |2 ddc |4 0 |6 657_000000000000000_ΑΓΓ |7 0 |9 375077 |a LISP |b LISP |c BSC |d 2023-11-01 |i 262245 |l 0 |o 657 ΑΓΓ |p 025000303001 |r 2023-11-01 00:00:00 |t 9 |w 2023-11-01 |y BK15 | ||
| 998 | |c ΛΟΥΚΟΠΟΥΛΟΥ |d 2019-06 | ||
| 999 | |c 141604 |d 141604 | ||